Tous les clubs espagnols ayant participés à l'Europa League - Statistiques

Statistiques générales
  • Ce quiz a été pris 64 fois
  • Le résultat moyen est 17 sur 27
Statistiques - réponses
Première participation Dernière participation Nombres de participations Clubs % Correct
1972-73 2022-23 12 Barcelone
100%
1971-72 1994-95 9 Real Madrid
100%
1982-83 2022-23 16 Séville
98%
1971-72 2017-18 20 Atlético Madrid
95%
1972-73 2018-19 17 Valence
93%
1971-72 2024-25 19 Athletic Bilbao
88%
2003-04 2023-24 12 Villarreal
88%
1982-83 2025-26 11 Betis
85%
1974-75 2026-27 14 Real Sociedad
82%
1999-2000 2003-04 2 Majorque
70%
1993-94 2008-09 5 Déportivo La Corogne
68%
2002-03 2002-03 1 Malaga
67%
2000-01 2002-03 2 Déportivo Alavès
63%
1973-74 2019-20 8 Espanyol
62%
2007-08 2019-20 3 Getafe
60%
1971-72 2025-26 9 Celta Vigo
58%
1984-85 1997-98 2 Real Valladolid
53%
2000-01 2000-01 1 Rayo Vallecano
52%
1985-86 2006-07 3 Osasuna
50%
1972-73 1977-78 2 Las Palmas
48%
2012-13 2012-13 1 Levante
45%
1974-75 2004-05 7 Real Saragosse
43%
2020-21 2020-21 1 Grenade
37%
1996-97 1996-97 1 Tenerife
30%
2008-09 2008-09 1 Racing Santander
28%
1991-92 1991-92 1 Real Oviedo
27%
1978-79 1991-92 6 Sporting Gijón
25%
Aucun quiz correspondant
Distribution des résultats
% des personnes avec chaque résultat
Percentile par nombre de réponses
Votre historique - résultats
Vous n’avez pas pris ce quiz